000 00295nam a2200121Ia 4500
008 191201s2013 xx 000 0 und d
100 _aNASH, WA
245 0 _aStrength of Materials Schaum's Outlines
260 _aN. Delhi
_bTMH
_c2013
300 _aMisc
650 _aB.Tech(ME)
942 _2ddc
_cBK
999 _c6142
_d6142